LIBRARY ONLINE CATALOGUE

The Chemical bond in inorganic chemistry : (Record no. 3609)

MARC details
000 -LEADER
fixed length control field 00684nam a22002172 4500
001 - CONTROL NUMBER
control field 0000012783
005 - DATE AND TIME OF LATEST TRANSACTION
control field 20151217145857.0
008 - FIXED-LENGTH DATA ELEMENTS--GENERAL INFORMATION
fixed length control field 090319s xx 000 0 eng d
020 ## - INTERNATIONAL STANDARD BOOK NUMBER
International Standard Book Number 0199298815 :
040 ## - CATALOGING SOURCE
Original cataloging agency KABU
Transcribing agency KABU
100 1# - MAIN ENTRY--PERSONAL NAME
Personal name Brown, I. David.
-- 0000169702
245 14 - TITLE STATEMENT
Title The Chemical bond in inorganic chemistry :
Remainder of title the bond valence model /
Statement of responsibility, etc. I. David Brown.
250 ## - EDITION STATEMENT
Edition statement 1st ed.
260 ## - PUBLICATION, DISTRIBUTION, ETC. (IMPRINT)
Place of publication, distribution, etc. Oxford :
Name of publisher, distributor, etc. O. U. P.,
Date of publication, distribution, etc. 2002.
300 ## - PHYSICAL DESCRIPTION
Extent x, 278 p.
650 #0 - SUBJECT ADDED ENTRY--TOPICAL TERM
Topical term or geographic name as entry element Chemical bonds
General subdivision Mathematical models.
-- 0000169703
650 #0 - SUBJECT ADDED ENTRY--TOPICAL TERM
Topical term or geographic name as entry element Inorganic compounds.
-- 0000169704
852 1# - LOCATION
-- p4612.50 KES
908 ## - PUT COMMAND PARAMETER (RLIN)
Put command parameter 090319
950 ## - LOCAL HOLDINGS (RLIN)
-- 1
Holdings
Withdrawn status Lost status Source of classification or shelving scheme Not for loan Home library Current library Date acquired Total Checkouts Full call number Barcode Date last seen Price effective from Koha item type
    Library of Congress Classification   Kabarak, Main Campus Kabarak, Main Campus 17/12/2015   QD461 .B76 2002 c. 1 17258 17/12/2015 17/12/2015 General Collection